Traffic engineering and the police (Record no. 479192)

000 -LEADER
fixed length control field 00457cam a22001577a 4500
008 - FIXED-LENGTH DATA ELEMENTS--GENERAL INFORMATION
fixed length control field 180718b1946 xxu||||| |||| 00| 0 eng d
082 ## - DEWEY DECIMAL CLASSIFICATION NUMBER
Classification number W400 Ev15
100 ## - MAIN ENTRY--PERSONAL NAME
Personal name Evans, Henry K.
245 ## - TITLE STATEMENT
Title Traffic engineering and the police
Statement of responsibility, etc. by Henry K. Evans and F.M. Kremil
250 ## - EDITION STATEMENT
Edition statement rev. ed.
260 ## - PUBLICATION, DISTRIBUTION, ETC.
Place of publication, distribution, etc. New York
Name of publisher, distributor, etc. National Conservation Bureau
Date of publication, distribution, etc. 1946
300 ## - PHYSICAL DESCRIPTION
Extent 103p.
650 ## - SUBJECT ADDED ENTRY--TOPICAL TERM
Topical term or geographic name entry element Police, Traffic
650 ## - SUBJECT ADDED ENTRY--TOPICAL TERM
Topical term or geographic name entry element Traffic - Planning
700 ## - ADDED ENTRY--PERSONAL NAME
Personal name Kremil, F.M.
Holdings
Withdrawn status Lost status Damaged status Not for loan Permanent Location Current Location Date acquired Full call number Barcode Date last seen Price effective from Koha item type
        Indian Institute of Public Administration Indian Institute of Public Administration 2018-08-04 W400 Ev15 GR291 2018-08-04 2018-08-04 GR

Powered by Koha